000 00706nam a2200205 4500
001 130992
003 ES-MaACL
005 20230906193908.0
007 t|
008 070214s1987 mx r ||||1| spa d
100 1 _aRobbins, Stanley L.
_997790
245 1 0 _aPatología estructural y funcional /
_cStanley L. Robbins, Ramzi S. Cotran, Vinay Kumar ; traducción, Joaquín Valero Oyarzábal... [et al.].
250 _a3ª ed.
260 _aMéxico [etc.] :
_bEd. Interamericana,
_c1987.
300 _aXII, 1424 p. :
_bil. ;
_c29 cm.
700 1 _aCotran, Ramzi S.
_941179
700 1 _aKumar, Vinay.
_969017
700 1 _aValero Oyarzábal, Joaquín.
_9112677
852 _aES-MaACL
_jL-11852
_bR.114359
999 _c130992
_d130992